logo

Bir Sreshtho Munshi Abdur Rouf Library
Jhenaidah Cadet College

Art of the ancient Near and Middle East / (Record no. 9850)

MARC details
000 -LEADER
fixed length control field 00957cam a2200301 4500
001 - CONTROL NUMBER
JCCL Control Number 9850
003 - CONTROL NUMBER IDENTIFIER
JCCL marc code BD-JhCC
005 - DATE AND TIME OF LATEST TRANSACTION
control field 20181205105229.0
008 - FIXED-LENGTH DATA ELEMENTS--GENERAL INFORMATION
fixed length control field 180402t19701969nyuab b 001 0 eng
020 ## - INTERNATIONAL STANDARD BOOK NUMBER
International Standard Book Number 0810980193
035 ## - SYSTEM CONTROL NUMBER
system control number (BD-JhCC)9850
040 ## - CATALOGING SOURCE
Original cataloging agency DLC
Transcribing agency DLC
Modifying agency DLC
-- BD-JhCC
041 1# - LANGUAGE CODE
Language code of Book engdut
050 00 - LIBRARY OF CONGRESS CALL NUMBER
Classification number DS56
Item number .R913
082 00 - DEWEY DECIMAL CLASSIFICATION NUMBER
Classification number 709.394
Author mark and Year RYV 1969
100 2# - MAIN ENTRY--PERSONAL NAME
Personal name Ry van Beest Holle, Carel J. du.
240 10 - UNIFORM TITLE
Uniform title Volken van het oude oosten.
245 10 - TITLE STATEMENT
Title Art of the ancient Near and Middle East /
Statement of responsibility, etc Text by Carel J. Du Ry. [Translated from the Dutch by Alexis Brown]
260 ## - PUBLICATION, DISTRIBUTION, ETC. (IMPRINT)
Place of publication, distribution, etc New York :
Name of publisher, distributor, etc H. N. Abrams,
Date of publication, distribution, etc 1970, c1969.
300 ## - PHYSICAL DESCRIPTION
Pagination 264 p.
Other physical details illus., (part col.), col. maps.
Dimensions 23 cm.
490 0# - SERIES STATEMENT
Series statement Panorama of world art
500 ## - GENERAL NOTE
General note Translation of De volken van het oude oosten.
504 ## - BIBLIOGRAPHY, ETC. NOTE
Bibliography, etc Bibliography: p. 258-260.
650 #0 - SUBJECT ADDED ENTRY--TOPICAL TERM
Topical term or geographic name as entry element Art
Geographic subdivision Middle East.
651 #0 - SUBJECT ADDED ENTRY--GEOGRAPHIC NAME
Geographic name Middle East
General subdivision Antiquities.
942 ## - ADDED ENTRY ELEMENTS (KOHA)
Source of classification or shelving scheme Dewey Decimal Classification
Koha item type Books
Holdings
Source of classification or shelving scheme Damaged status Not for loan Home library Current library Shelving location Date of accession Total Checkouts Full call number Barcode Date last seen Copy number Koha item type
Dewey Decimal Classification     JCC Rouf Library JCC Rouf Library General Stacks 04/02/2018   709.394 RYV 1969 13013 04/02/2018 C-1 Books

JCC Library | Contacts | JCC Home

Last Update on 23 September 2017
Copyright @ 2017-2020 JCC Rouf Library
Rouf Library, Jhenidah Cadet College (JCC), Bangladesh